Religion Quiz

Random Religion or Book Quiz

Chapters in Bible Books Quiz Stats

 Plays Quiz Updated Feb 27, 2020

Support Sporcle.
Go Orange.
Score 0/66 Timer 04:00
0 Plays Today
Book of Bible # of Chapters % Correct
Genesis50
82.3%
Exodus40
59.3%
Psalms150
58.4%
Jude1
55.3%
Ruth4
54.1%
3 John1
53.9%
2 John1
53.3%
1 John5
51.5%
Matthew28
51.4%
Philemon1
51%
Revelation22
48.7%
James5
48.4%
Titus3
48%
Mark16
48%
1 Peter5
47.8%
2 Peter3
47.8%
Philippians4
46.2%
Ephesians6
46%
Hebrews13
45.7%
Proverbs31
45.6%
Galatians6
45.5%
Colossians4
44.5%
1 Timothy6
44.5%
John21
44.4%
2 Timothy4
44.4%
Leviticus27
44.2%
1 Thessalonians5
44%
Romans16
43.9%
Luke24
43.8%
2 Thessalonians3
43.7%
Isaiah66
43.6%
1 Corinthians16
43.1%
Jonah4
43%
Book of Bible # of Chapters % Correct
Esther10
41.1%
Obadiah1
40.9%
Acts28
40.8%
2 Corinthians13
40.5%
Song of Songs8
39.9%
Numbers36
39.3%
Malachi4
38.7%
Deuteronomy34
38.6%
Job42
38.4%
Ecclesiastes12
38.2%
Joshua24
37.9%
Habakkuk3
37.6%
Micah7
36.2%
Haggai2
36.2%
Nahum3
35.7%
Zephaniah3
35.7%
Joel3
35.6%
Daniel12
35.5%
Judges21
35.3%
Amos9
34%
Ezra10
33.6%
Nehemiah13
32.6%
1 Samuel31
32.2%
Hosea14
32.1%
Zechariah14
31.9%
Lamentations5
30.5%
2 Samuel24
30.2%
Jeremiah52
27.6%
1 Kings22
27.5%
2 Kings25
26.9%
1 Chronicles29
25.4%
2 Chronicles36
24.6%
Ezekiel48
24%

From the Vault

Vowel Movement

by slipkid

We at Sporcle proudly support Pun Art.
Remove Ads.
Support Sporcle.
Get the best of Sporcle when you Go Orange. This ad-free experience offers more features, more stats, and more fun while also helping to support Sporcle. Thank you for becoming a member.

Show Comments

Extras

Top Quizzes Today


Score Distribution

Your Account Isn't Verified!

In order to create a playlist on Sporcle, you need to verify the email address you used during registration. Go to your Sporcle Settings to finish the process.

Report this User

Report this user for behavior that violates our Community Guidelines.

Details: